Mixed Word: Common Bond 13 Quiz Stats

 Plays Quiz not verified by Sporcle

Score 0/16 Timer 03:00
0 Plays Today
Scrambled Word Answer % Correct
SLESLESS
99.3%
DADADD
99.3%
FOFOFF
99.3%
TRPOPORT
99.3%
GELLEG
99%
MEAGGAME
99%
KEWEWEEK
99%
SIMSMISS
99%
Scrambled Word Answer % Correct
PUUP
98.7%
KOBOBOOK
98.4%
RAYEYEAR
98%
ODSGGODS
97.7%
MIPIMP
96.1%
AREEAR
96.1%
RANGEANGER
67.8%
Common Bond:END
36.5%

You're not logged in!

Compare scores with friends on all Sporcle quizzes.
OR
Log In

Sporcle TV

Today on Sporcle TV


Watch our educational content, quiz creation guides, and fun videos on Sporcle TV.

Show Comments

Extras

Top Quizzes Today


Score Distribution

Your Account Isn't Verified!

In order to create a playlist on Sporcle, you need to verify the email address you used during registration. Go to your Sporcle Settings to finish the process.

Report this User

Report this user for behavior that violates our Community Guidelines.

Details: